| 000 | 00717nam a2200181Ia 4500 | ||
|---|---|---|---|
| 008 | 090630s9999 xx 000 0 und d | ||
| 082 | _b23476 | ||
| 100 | _aनायक बळवंत (लामकाणे). | ||
| 245 |
_aचंदनाची काया माझी. _cनायक बळवंत (लामकाणे). |
||
| 260 |
_bज्ञानेश. _c2000 |
||
| 300 | _a144 | ||
| 600 | _aनायक बळवंत (लामकाणे). | ||
| 630 | _aचंदनाची काया माझी. | ||
| 655 | _aकादंबरी. | ||
| 700 | _aनायक बळवंत (लामकाणे). | ||
| 730 | _aचंदनाची काया माझी. | ||
| 942 | _cBOOK | ||
| 999 |
_c275332 _d275332 |
||